| 000 | 00807cam a2200289Mi 4500 | ||
|---|---|---|---|
| 001 | 101079 | ||
| 005 | 20230410143110.0 | ||
| 008 | 010924s2000 xx 000 0 spa d | ||
| 035 | _a(OCoLC)ocn231878003 | ||
| 040 |
_aGEBAY _bger _cGEBAY |
||
| 020 | _a8495379090 | ||
| 020 | _a9788495379092 | ||
| 035 | _a(OCoLC)231878003 | ||
| 049 | _aGRAL | ||
| 050 | 1 | 4 | _abB151t 2000 |
| 100 | 1 | _aBahamonde Magro, Angel | |
| 245 | 0 | 0 |
_aAsí terminó la guerra de España _cAngel Bahamonde Magro ; Javier Cervera Gil |
| 250 | _a2. ed. | ||
| 260 |
_aMadrid [u.a.] _bMarcial Pons, Historia _c2000 |
||
| 300 |
_a529 S. : _bKt. |
||
| 490 | 0 | _aEstudios | |
| 653 | 0 |
_aSpanischer Bürgerkrieg _aGeschichte (1938-1939) |
|
| 700 | 1 | _aCervera Gil, Javier | |
| 942 |
_2lcc _cbk |
||
| 946 | _aMAT | ||
| 994 |
_aC0 _bDRFGD |
||
| 999 |
_c95703 _d95703 |
||